| Tag |
First Indicator |
Second Indicator |
Subfields |
| LEADER |
00000cam a22000001a 4500 |
| 001 |
in00002810718 |
| 005 |
20190331184626.0 |
| 006 |
m o d |
| 007 |
cr un mmmapmmp |
| 008 |
090210s1834 dcu o f000 0 eng d |
| 035 |
|
|
|a cis2004315428
|
| 040 |
|
|
|a UMI
|c UMI
|d UtOrBLW
|
| 043 |
|
|
|a n-us---
|
| 099 |
|
|
|a ProQuest Serial Set Number 239 S.doc.124
|
| 110 |
1 |
|
|a United States.
|b Congress.
|b Senate.
|b Committee on Finance.
|
| 245 |
1 |
0 |
|a Resolutions of the mechanics and workingmen of the Northern Liberties of Philadelphia, opposed to the measures of the Administration in removing the public deposites from the Bank of the United States.
|
| 246 |
1 |
|
|a Mechanics and workingmen of Northern Liberties of Philadelphia, for restoring deposits to Bank U.S
|
| 264 |
|
1 |
|a Washington :
|b [publisher not identified],
|c 1834.
|
| 300 |
|
|
|a 1 online resource.
|
| 336 |
|
|
|a text
|b txt
|2 rdacontent
|
| 337 |
|
|
|a computer
|b c
|2 rdamedia
|
| 338 |
|
|
|a online resource
|b cr
|2 rdacarrier
|
| 490 |
0 |
|
|a S.doc.124
|
| 500 |
|
|
|a Record is based on bibliographic data in ProQuest U.S. Serial Set Digital Collection (last viewed Feb. 2009). Reuse except for individual research requires license from ProQuest, LLC.
|
| 510 |
3 |
|
|a ProQuest U.S. Serial Set Digital Collection
|
| 500 |
|
|
|a Electronic resource.
|
| 650 |
|
0 |
|a Banks and banking.
|
| 650 |
|
0 |
|a Political participation.
|
| 651 |
|
0 |
|a Philadelphia (Pa.)
|
| 655 |
|
7 |
|a Electronic books.
|2 local
|
| 710 |
2 |
|
|a ProQuest (Firm)
|
| 830 |
|
0 |
|a United States congressional serial set.
|
| 856 |
4 |
0 |
|u http://proxy.library.tamu.edu/login?url=http://congressional.proquest.com/congcomp/getdoc?SERIAL-SET-ID=239+S.doc.124
|z Connect to the full text of this electronic book
|t 0
|
| 999 |
|
|
|a MARS
|
| 999 |
f |
f |
|s 370f4475-c1df-3a81-ab8a-727284dad3da
|i dd12ed5a-b825-3fd1-934f-cadd5baf0b03
|t 0
|
| 952 |
f |
f |
|a Texas A&M University
|b College Station
|c Electronic Resources
|d Available Online
|t 0
|e ProQuest Serial Set Number 239 S.doc.124
|h Other scheme
|
| 998 |
f |
f |
|a ProQuest Serial Set Number 239 S.doc.124
|t 0
|l Available Online
|